Elementary reading : a comprehensive approach /

Bibliographic Details
Main Author: Mangieri, John N.
Other Authors: Bader, Lois A., Walker, James Edwin, 1941-
Format: Book
Language:English
Published: New York : McGraw-Hill, [1982]
Subjects:

MARC

Tag First Indicator Second Indicator Subfields
LEADER 00000cam a22000008a 4500
001 in00000088275
005 20151008063121.0
008 810713s1982 nyu b 00110 eng
010 |a  81012317  
020 |a 0070398860 :  |c $18.95 (est.) 
035 |a (OCoLC)07653686 
035 |9 AAK1611AM 
039 0 |a 2  |b 3  |c 3  |d 3  |e 3 
040 |a DLC  |c DLC  |d TXA  |d UtOrBLW 
049 |a TXAM  |c [388643] 
050 0 0 |a LB1573  |b  M326 
082 0 |a 372.4  |2 19 
100 1 |a Mangieri, John N. 
245 1 0 |a Elementary reading :  |b a comprehensive approach /  |c John N. Mangieri, Lois A. Bader, James E. Walker. 
263 |a 8112 
264 1 |a New York :  |b McGraw-Hill,  |c [1982] 
264 4 |c ©1982 
300 |a xx, 438 pages :  |b illustrations ;  |c 24 cm. 
336 |a text  |b txt  |2 rdacontent 
337 |a unmediated  |b n  |2 rdamedia 
338 |a volume  |b nc  |2 rdacarrier 
504 |a Includes bibliographies and indexes. 
650 0 |a Reading (Elementary) 
700 1 |a Bader, Lois A. 
700 1 |a Walker, James Edwin,  |d 1941- 
999 |a MARS 
999 f f |s 4fbfeffb-5511-30b2-be73-0e1a0d4ab935  |i 56e1551f-b503-3c85-b6c6-1adf9faff144  |t 0 
952 f f |p normal  |a Texas A&M University  |b College Station  |c Sterling C. Evans Library  |d Evans: Library Stacks  |t 0  |e LB1573 M326  |h Library of Congress classification  |i unmediated -- volume  |m A14805973904 
998 f f |a LB1573 M326  |t 0  |l Evans: Library Stacks